00265nam a2200121Ia 4500008004100000041000800041082001600049100001900065260002600084245001900110250000600129300000800135220805s9999 xx 000 0 und d aeng a809.339 332 aRaghuram Rajan bHarper Businessc2018 aI do what I Do a1 a342